The Medieval Jihad

Saved in:

Main Author: Mehdi Berriah

Other Authors: Abbès Zouache (éd.)

Format: Book

Language: Undetermined

Published: Cairo Institut français d'archéologie orientale 2025

Series: RAPH 50

Subjects:

Tags: Add Tag

No Tags, Be the first to tag this record!

Call Number: DT57 .C14 v.50

LEADER 00580nam a22002057a 4500
005 20260427091907.0
008 260427t2025||||xx |||||||||| ||und||
020 |a 9782724711011 
050 1 4 |a DT57  |b .C14 v.50 
100 0 |a Mehdi Berriah 
245 1 4 |a The Medieval Jihad  |c Mehdi Berriah 
264 1 |a Cairo  |b Institut français d'archéologie orientale  |c 2025 
300 |a 224 pages  |b 1 table  |c 24 cm 
490 0 |a RAPH 50 
650 4 |a Islamic civilization. 
650 4 |a Islamic Empire -- History. 
650 4 |a Jihad. 
700 0 |a Abbès Zouache (éd.) 
942 |2 lcc 
999 |c 61896  |d 61896